000 00787nam a22002774a 4500
001 UByD002968
003 AR-LpoUNG
005 20240718101713.0
008 240718s1999||||ag a g 000|0 por d
020 _a9879162560
040 _aAR-LpoUNG
_bspa
_cAR-LpoUNG
_eaacr
041 0 _aspa
_apor
044 _aag
082 0 _a469.7 981con
110 2 _aFundación Centro de Estudios Brasileiros
245 1 0 _aConhocendo o Brasil :
_bcurso de portugués
250 _a1ra. ed.
260 _aBuenos Aires :
_bFormar Educación a distancia ;
_bFundación de Estudios Brasileiros,
_c1999.
300 _a147 p. :
_bil.
650 4 _aCOMUNICACION
650 4 _aENSEÑANZA DE IDIOMAS
650 4 _aGRAMATICA
650 4 _aLENGUA PORTUGUESA
905 _a56640
942 _cLIB
_2ddc
999 _c65537
_d65537